[Event "April 9 Early 2024"]
[Site "Chess.com"]
[Date "2024.04.09"]
[Round "10"]
[White "Eilers, Stefan"]
[Black "Alcazar Jimenez, Jesus Alberto"]
[Result "1-0"]
[Board "143"]
[WhiteFideId "4609565"]
[BlackFideId "2209756"]
[WhiteTitle "FM"]
[BlackTitle "FM"]
[WhiteElo "2454"]
[BlackElo "2334"]
[WhiteTeam "GER"]
[BlackTeam "ESP"]
[WhiteClock "0:00:07"]
[BlackClock "0:00:00"]
[Variant "Standard"]

1. d4 {[%clk 0:03:00]}  Nf6 {[%clk 0:02:58]} 2. Nf3 {[%clk 0:03:00]}  d5 {[%clk 0:02:56]} 3. g3 {[%clk 0:02:58]}  e6 {[%clk 0:02:55]} 4. Bg2 {[%clk 0:02:58]}  c5 {[%clk 0:02:55]} 5. O-O {[%clk 0:02:58]}  Nc6 {[%clk 0:02:55]} 6. c4 {[%clk 0:02:56]}  dxc4 {[%clk 0:02:53]} 7. Ne5 {[%clk 0:02:57]}  Bd7 {[%clk 0:02:47]} 8. Na3 {[%clk 0:02:54]}  cxd4 {[%clk 0:02:44]} 9. Naxc4 {[%clk 0:02:54]}  Be7 {[%clk 0:02:44]} 10. Qb3 {[%clk 0:02:53]}  Rb8 {[%clk 0:02:35]} 11. Bf4 {[%clk 0:02:52]}  Nd5 {[%clk 0:02:10]} 12. Nxc6 {[%clk 0:02:44]}  Bxc6 {[%clk 0:02:01]} 13. Bxb8 {[%clk 0:02:44]}  Qxb8 {[%clk 0:02:01]} 14. Na5 {[%clk 0:02:41]}  O-O {[%clk 0:01:59]} 15. Nxc6 {[%clk 0:02:37]}  bxc6 {[%clk 0:01:59]} 16. Qxb8 {[%clk 0:02:36]}  Rxb8 {[%clk 0:01:58]} 17. Rab1 {[%clk 0:02:33]}  c5 {[%clk 0:01:57]} 18. Rfc1 {[%clk 0:02:27]}  Nb4 {[%clk 0:01:44]} 19. a3 {[%clk 0:02:19]}  Na2 {[%clk 0:01:43]} 20. Rc4 {[%clk 0:02:18]}  Nc3 {[%clk 0:01:42]} 21. Re1 {[%clk 0:02:00]}  Rxb2 {[%clk 0:01:41]} 22. f4 {[%clk 0:01:36]}  Nxe2+ {[%clk 0:01:16]} 23. Kf1 {[%clk 0:01:26]}  Nc3 {[%clk 0:00:58]} 24. f5 {[%clk 0:01:24]}  Rb6 {[%clk 0:00:38]} 25. Bh3 {[%clk 0:01:15]}  Bd6 {[%clk 0:00:19]} 26. fxe6 {[%clk 0:01:14]}  fxe6 {[%clk 0:00:19]} 27. Bxe6+ {[%clk 0:01:00]}  Kf8 {[%clk 0:00:19]} 28. Kg2 {[%clk 0:00:52]}  h6 {[%clk 0:00:19]} 29. Kh3 {[%clk 0:00:43]}  Ke7 {[%clk 0:00:18]} 30. Bf5+ {[%clk 0:00:41]}  Kf6 {[%clk 0:00:17]} 31. Bg4 {[%clk 0:00:38]}  Be5 {[%clk 0:00:16]} 32. Rf1+ {[%clk 0:00:32]}  Ke7 {[%clk 0:00:12]} 33. Re1 {[%clk 0:00:32]}  Kd6 {[%clk 0:00:11]} 34. a4 {[%clk 0:00:25]}  Rb3 {[%clk 0:00:10]} 35. Rxe5 {[%clk 0:00:17]}  Kxe5 {[%clk 0:00:10]} 36. Rxc5+ {[%clk 0:00:18]}  Ke4 {[%clk 0:00:09]} 37. Rc7 {[%clk 0:00:17]}  Kd3 {[%clk 0:00:04]} 38. Rxa7 {[%clk 0:00:15]}  Ra3 {[%clk 0:00:03]} 39. a5 {[%clk 0:00:14]}  Kc2 {[%clk 0:00:03]} 40. Bf5+ {[%clk 0:00:13]}  d3 {[%clk 0:00:04]} 41. Rd7 {[%clk 0:00:14]}  Nb5 {[%clk 0:00:04]} 42. Rxg7 {[%clk 0:00:12]}  Kc1 {[%clk 0:00:02]} 43. Bxd3 {[%clk 0:00:08]}  Rxd3 {[%clk 0:00:02]} 44. Rg6 {[%clk 0:00:08]}  h5 {[%clk 0:00:02]} 45. Rb6 {[%clk 0:00:07]}  Nc7 {[%clk 0:00:02]} 46. Rc6+ {[%clk 0:00:07]}  Kb2 {[%clk 0:00:02]} 47. Rxc7 {[%clk 0:00:07]}  Ra3 {[%clk 0:00:03]} 48. Rc5 {[%clk 0:00:07]}  Kb3 {[%clk 0:00:00]} 49. Rxh5 {[%clk 0:00:07]} 1-0

[Event "April 9 Early 2024"]
[Site "Chess.com"]
[Date "2024.04.09"]
[Round "10"]
[White "Szczepanek, Radoslaw"]
[Black "Chemin, Vitorio"]
[Result "1-0"]
[Board "146"]
[WhiteFideId "1120395"]
[BlackFideId "2100509"]
[WhiteTitle "CM"]
[BlackTitle "FM"]
[WhiteElo "2419"]
[BlackElo "2044"]
[WhiteTeam "POL"]
[BlackTeam "BRA"]
[WhiteClock "0:01:44"]
[BlackClock "0:00:07"]
[Variant "Standard"]

1. e4 {[%clk 0:03:00]}  c5 {[%clk 0:02:57]} 2. Nc3 {[%clk 0:03:00]}  Nc6 {[%clk 0:02:57]} 3. Bb5 {[%clk 0:02:59]}  Nd4 {[%clk 0:02:56]} 4. Nf3 {[%clk 0:02:59]}  a6 {[%clk 0:02:54]} 5. Bd3 {[%clk 0:02:59]}  g6 {[%clk 0:02:52]} 6. b4 {[%clk 0:02:59]}  cxb4 {[%clk 0:02:32]} 7. Nd5 {[%clk 0:02:59]}  Bg7 {[%clk 0:02:29]} 8. Rb1 {[%clk 0:02:51]}  e6 {[%clk 0:02:13]} 9. Nxd4 {[%clk 0:02:38]}  Bxd4 {[%clk 0:02:09]} 10. Ne3 {[%clk 0:02:36]}  Qe7 {[%clk 0:01:59]} 11. O-O {[%clk 0:02:20]}  Nf6 {[%clk 0:01:58]} 12. Nc4 {[%clk 0:02:13]}  b5 {[%clk 0:01:51]} 13. e5 {[%clk 0:02:12]}  bxc4 {[%clk 0:01:46]} 14. exf6 {[%clk 0:02:11]}  Qxf6 {[%clk 0:01:46]} 15. Bxc4 {[%clk 0:02:12]}  a5 {[%clk 0:01:29]} 16. c3 {[%clk 0:02:10]}  bxc3 {[%clk 0:01:22]} 17. Ba3 {[%clk 0:02:09]}  cxd2 {[%clk 0:00:40]} 18. Qxd2 {[%clk 0:01:57]}  Be5 {[%clk 0:00:34]} 19. g3 {[%clk 0:01:51]}  Ba6 {[%clk 0:00:21]} 20. Bxa6 {[%clk 0:01:47]}  Rxa6 {[%clk 0:00:20]} 21. Rfd1 {[%clk 0:01:48]}  Ra7 {[%clk 0:00:15]} 22. Bc5 {[%clk 0:01:47]}  Rc7 {[%clk 0:00:07]} 23. Rb8+ {[%clk 0:01:44]} 1-0

[Event "April 9 Early 2024"]
[Site "Chess.com"]
[Date "2024.04.09"]
[Round "10"]
[White "Shaik Sumer Arsh"]
[Black "Caku, Kler"]
[Result "1-0"]
[Board "147"]
[WhiteFideId "45020000"]
[BlackFideId "4704703"]
[WhiteTitle "CM"]
[BlackTitle "WCM"]
[WhiteElo "2635"]
[BlackElo "2220"]
[WhiteTeam "IND"]
[BlackTeam "ALB"]
[WhiteClock "0:02:02"]
[BlackClock "0:00:25"]
[Variant "Standard"]

1. d4 {[%clk 0:03:00]}  d5 {[%clk 0:02:50]} 2. c4 {[%clk 0:02:54]}  e6 {[%clk 0:02:50]} 3. Nf3 {[%clk 0:02:50]}  Nf6 {[%clk 0:02:50]} 4. Nc3 {[%clk 0:02:49]}  Be7 {[%clk 0:02:47]} 5. Bf4 {[%clk 0:02:49]}  a6 {[%clk 0:02:46]} 6. e3 {[%clk 0:02:45]}  Nbd7 {[%clk 0:02:43]} 7. Rc1 {[%clk 0:02:41]}  dxc4 {[%clk 0:02:40]} 8. Bxc4 {[%clk 0:02:41]}  Nb6 {[%clk 0:02:40]} 9. Bd3 {[%clk 0:02:40]}  O-O {[%clk 0:02:28]} 10. O-O {[%clk 0:02:40]}  Nh5 {[%clk 0:02:17]} 11. Be5 {[%clk 0:02:17]}  f6 {[%clk 0:02:00]} 12. Ng5 {[%clk 0:02:03]}  fxe5 {[%clk 0:01:00]} 13. Qxh5 {[%clk 0:02:01]}  Bxg5 {[%clk 0:00:54]} 14. Qxh7+ {[%clk 0:02:01]}  Kf7 {[%clk 0:00:46]} 15. Bg6+ {[%clk 0:02:02]}  Ke7 {[%clk 0:00:38]} 16. Qxg7+ {[%clk 0:02:01]}  Kd6 {[%clk 0:00:27]} 17. Ne4+ {[%clk 0:02:01]}  Kd5 {[%clk 0:00:25]} 18. Rc5# {[%clk 0:02:02]} 1-0

[Event "April 9 Early 2024"]
[Site "Chess.com"]
[Date "2024.04.09"]
[Round "10"]
[White "Schut, Han"]
[Black "Stojanova, Ganeta"]
[Result "0-1"]
[Board "152"]
[WhiteFideId "1005561"]
[BlackFideId "2902184"]
[WhiteTitle "CM"]
[WhiteElo "2272"]
[BlackElo "2475"]
[WhiteTeam "NED"]
[BlackTeam "BUL"]
[WhiteClock "0:00:10"]
[BlackClock "0:01:47"]
[Variant "Standard"]

1. e4 {[%clk 0:02:58]}  c5 {[%clk 0:02:59]} 2. Nf3 {[%clk 0:02:56]}  Nc6 {[%clk 0:03:00]} 3. d4 {[%clk 0:02:56]}  cxd4 {[%clk 0:03:00]} 4. Nxd4 {[%clk 0:02:57]}  g6 {[%clk 0:03:00]} 5. c4 {[%clk 0:02:57]}  Bg7 {[%clk 0:03:01]} 6. Be3 {[%clk 0:02:57]}  Nf6 {[%clk 0:02:58]} 7. Nc3 {[%clk 0:02:56]}  Ng4 {[%clk 0:02:58]} 8. Qxg4 {[%clk 0:02:56]}  Nxd4 {[%clk 0:02:57]} 9. Qd1 {[%clk 0:02:56]}  Ne6 {[%clk 0:02:57]} 10. Qd2 {[%clk 0:02:56]}  Qa5 {[%clk 0:02:56]} 11. Rc1 {[%clk 0:02:57]}  d6 {[%clk 0:02:56]} 12. Be2 {[%clk 0:02:55]}  Bd7 {[%clk 0:02:56]} 13. O-O {[%clk 0:02:51]}  Bc6 {[%clk 0:02:56]} 14. f3 {[%clk 0:02:51]}  g5 {[%clk 0:02:55]} 15. Rc2 {[%clk 0:02:37]}  h5 {[%clk 0:02:45]} 16. Rb1 {[%clk 0:02:37]}  Qe5 {[%clk 0:02:43]} 17. b4 {[%clk 0:02:34]}  Nd4 {[%clk 0:02:43]} 18. Rcc1 {[%clk 0:02:09]}  g4 {[%clk 0:02:34]} 19. f4 {[%clk 0:02:00]}  Nxe2+ {[%clk 0:02:32]} 20. Qxe2 {[%clk 0:01:58]}  Qe6 {[%clk 0:02:31]} 21. Bf2 {[%clk 0:01:08]}  Bxc3 {[%clk 0:02:24]} 22. Rxc3 {[%clk 0:01:07]}  Qxe4 {[%clk 0:02:25]} 23. Qxe4 {[%clk 0:01:04]}  Bxe4 {[%clk 0:02:24]} 24. Re1 {[%clk 0:01:01]}  f5 {[%clk 0:02:24]} 25. a4 {[%clk 0:00:49]}  Kf7 {[%clk 0:02:21]} 26. c5 {[%clk 0:00:49]}  dxc5 {[%clk 0:02:18]} 27. Rxc5 {[%clk 0:00:48]}  Rad8 {[%clk 0:02:18]} 28. Rc7 {[%clk 0:00:41]}  Rd2 {[%clk 0:02:13]} 29. g3 {[%clk 0:00:32]}  h4 {[%clk 0:02:11]} 30. gxh4 {[%clk 0:00:27]}  Rhd8 {[%clk 0:02:02]} 31. Rcc1 {[%clk 0:00:26]}  Rb2 {[%clk 0:02:00]} 32. Red1 {[%clk 0:00:23]}  Rxd1+ {[%clk 0:01:59]} 33. Rxd1 {[%clk 0:00:24]}  Rxb4 {[%clk 0:02:00]} 34. Ra1 {[%clk 0:00:23]}  b6 {[%clk 0:01:58]} 35. a5 {[%clk 0:00:23]}  bxa5 {[%clk 0:01:56]} 36. Bxa7 {[%clk 0:00:23]}  a4 {[%clk 0:01:56]} 37. Bc5 {[%clk 0:00:15]}  Rc4 {[%clk 0:01:56]} 38. Bf2 {[%clk 0:00:13]}  Bc6 {[%clk 0:01:53]} 39. h5 {[%clk 0:00:12]}  Kg7 {[%clk 0:01:53]} 40. Rd1 {[%clk 0:00:11]}  Kh6 {[%clk 0:01:51]} 41. Rd4 {[%clk 0:00:10]}  Rc1+ {[%clk 0:01:48]} 42. Be1 {[%clk 0:00:10]}  Rxe1+ {[%clk 0:01:48]} 43. Kf2 {[%clk 0:00:10]}  Re4 {[%clk 0:01:47]} 0-1

[Event "April 9 Early 2024"]
[Site "Chess.com"]
[Date "2024.04.10"]
[Round "10"]
[White "Womacka, Mathias"]
[Black "Denis Kozlov"]
[Result "1-0"]
[Board "153"]
[WhiteFideId "4611390"]
[BlackFideId "54104319"]
[WhiteTitle "GM"]
[BlackTitle "FM"]
[WhiteElo "2465"]
[BlackElo "2263"]
[WhiteTeam "GER"]
[BlackTeam "RUS"]
[WhiteClock "0:00:08"]
[BlackClock "0:00:01"]
[Variant "Standard"]

1. e4 {[%clk 0:03:00]}  c6 {[%clk 0:02:59]} 2. d4 {[%clk 0:02:59]}  d5 {[%clk 0:03:00]} 3. Nd2 {[%clk 0:03:00]}  dxe4 {[%clk 0:03:00]} 4. Nxe4 {[%clk 0:03:01]}  Bf5 {[%clk 0:03:00]} 5. Ng3 {[%clk 0:03:00]}  Bg6 {[%clk 0:03:01]} 6. h4 {[%clk 0:03:00]}  h6 {[%clk 0:03:01]} 7. Nf3 {[%clk 0:03:00]}  Nd7 {[%clk 0:03:00]} 8. h5 {[%clk 0:03:00]}  Bh7 {[%clk 0:03:01]} 9. Bd3 {[%clk 0:03:00]}  Bxd3 {[%clk 0:03:02]} 10. Qxd3 {[%clk 0:03:00]}  e6 {[%clk 0:03:03]} 11. Bd2 {[%clk 0:03:00]}  Ngf6 {[%clk 0:03:02]} 12. O-O-O {[%clk 0:02:59]}  Be7 {[%clk 0:03:03]} 13. Kb1 {[%clk 0:02:57]}  O-O {[%clk 0:03:02]} 14. Ne4 {[%clk 0:02:57]}  Nxe4 {[%clk 0:03:03]} 15. Qxe4 {[%clk 0:02:58]}  Nf6 {[%clk 0:03:03]} 16. Qe2 {[%clk 0:02:56]}  Qd5 {[%clk 0:03:02]} 17. Ne5 {[%clk 0:02:55]}  Qe4 {[%clk 0:03:01]} 18. Be3 {[%clk 0:02:55]}  Nd5 {[%clk 0:02:59]} 19. Rhe1 {[%clk 0:02:55]}  Bb4 {[%clk 0:02:16]} 20. f3 {[%clk 0:02:26]}  Qxe3 {[%clk 0:01:35]} 21. Qxe3 {[%clk 0:02:25]}  Nxe3 {[%clk 0:01:36]} 22. Rxe3 {[%clk 0:02:25]}  Bd6 {[%clk 0:01:29]} 23. Rb3 {[%clk 0:02:15]}  Bxe5 {[%clk 0:01:11]} 24. dxe5 {[%clk 0:02:15]}  Rfd8 {[%clk 0:01:11]} 25. Rdd3 {[%clk 0:01:15]}  b6 {[%clk 0:00:47]} 26. Kc1 {[%clk 0:01:14]}  Kf8 {[%clk 0:00:43]} 27. Kd2 {[%clk 0:01:10]}  Ke7 {[%clk 0:00:42]} 28. Ke3 {[%clk 0:01:10]}  Rd5 {[%clk 0:00:39]} 29. f4 {[%clk 0:01:09]}  Rad8 {[%clk 0:00:35]} 30. Rxd5 {[%clk 0:00:58]}  exd5 {[%clk 0:00:30]} 31. f5 {[%clk 0:00:55]}  g6 {[%clk 0:00:23]} 32. hxg6 {[%clk 0:00:43]}  fxg6 {[%clk 0:00:24]} 33. g4 {[%clk 0:00:41]}  Rf8 {[%clk 0:00:17]} 34. Kf4 {[%clk 0:00:39]}  g5+ {[%clk 0:00:09]} 35. Kg3 {[%clk 0:00:32]}  Kd7 {[%clk 0:00:09]} 36. Re3 {[%clk 0:00:27]}  Re8 {[%clk 0:00:09]} 37. Re1 {[%clk 0:00:24]}  c5 {[%clk 0:00:08]} 38. e6+ {[%clk 0:00:22]}  Ke7 {[%clk 0:00:08]} 39. Rh1 {[%clk 0:00:22]}  Rh8 {[%clk 0:00:09]} 40. c3 {[%clk 0:00:21]}  Kf6 {[%clk 0:00:09]} 41. Kf3 {[%clk 0:00:21]}  Kg7 {[%clk 0:00:08]} 42. Rd1 {[%clk 0:00:19]}  Rd8 {[%clk 0:00:08]} 43. e7 {[%clk 0:00:18]}  Re8 {[%clk 0:00:08]} 44. Rxd5 {[%clk 0:00:18]}  Rxe7 {[%clk 0:00:08]} 45. Rd6 {[%clk 0:00:19]}  Re1 {[%clk 0:00:08]} 46. Rd7+ {[%clk 0:00:18]}  Kf6 {[%clk 0:00:08]} 47. Rxa7 {[%clk 0:00:19]}  Rb1 {[%clk 0:00:08]} 48. b3 {[%clk 0:00:19]}  Rb2 {[%clk 0:00:08]} 49. c4 {[%clk 0:00:17]}  Rc2 {[%clk 0:00:08]} 50. Rb7 {[%clk 0:00:16]}  Rc3+ {[%clk 0:00:08]} 51. Ke4 {[%clk 0:00:16]}  Rg3 {[%clk 0:00:09]} 52. Rxb6+ {[%clk 0:00:16]}  Kg7 {[%clk 0:00:09]} 53. Kd5 {[%clk 0:00:15]}  Rxg4 {[%clk 0:00:09]} 54. Kxc5 {[%clk 0:00:15]}  h5 {[%clk 0:00:08]} 55. Rg6+ {[%clk 0:00:15]}  Kh7 {[%clk 0:00:07]} 56. b4 {[%clk 0:00:15]}  Rf4 {[%clk 0:00:07]} 57. Rxg5 {[%clk 0:00:15]}  Kh6 {[%clk 0:00:07]} 58. Rg6+ {[%clk 0:00:15]}  Kh7 {[%clk 0:00:07]} 59. Rf6 {[%clk 0:00:14]}  h4 {[%clk 0:00:07]} 60. b5 {[%clk 0:00:12]}  h3 {[%clk 0:00:07]} 61. Rf7+ {[%clk 0:00:13]}  Kh6 {[%clk 0:00:07]} 62. Rf8 {[%clk 0:00:12]}  Kg7 {[%clk 0:00:06]} 63. Rd8 {[%clk 0:00:12]}  h2 {[%clk 0:00:03]} 64. Rd1 {[%clk 0:00:11]}  Rxf5+ {[%clk 0:00:03]} 65. Kb4 {[%clk 0:00:10]}  Rg5 {[%clk 0:00:04]} 66. Rh1 {[%clk 0:00:10]}  Rg2 {[%clk 0:00:04]} 67. a4 {[%clk 0:00:09]}  Rg1 {[%clk 0:00:01]} 68. Rxh2 {[%clk 0:00:08]} 1-0

[Event "April 9 Early 2024"]
[Site "Chess.com"]
[Date "2024.04.09"]
[Round "10"]
[White "Tang, Zoey"]
[Black "Yushko, Olga"]
[Result "1-0"]
[Board "157"]
[WhiteFideId "30952530"]
[BlackFideId "14114500"]
[WhiteTitle "FM"]
[BlackTitle "WFM"]
[WhiteElo "2418"]
[BlackElo "2250"]
[WhiteTeam "USA"]
[BlackTeam "UKR"]
[WhiteClock "0:00:14"]
[BlackClock "0:00:41"]
[Variant "Standard"]

1. d4 {[%clk 0:02:58]}  e6 {[%clk 0:02:59]} 2. c4 {[%clk 0:02:55]}  Nf6 {[%clk 0:02:58]} 3. Nf3 {[%clk 0:02:55]}  d5 {[%clk 0:02:58]} 4. g3 {[%clk 0:02:56]}  Be7 {[%clk 0:02:53]} 5. Bg2 {[%clk 0:02:56]}  O-O {[%clk 0:02:53]} 6. O-O {[%clk 0:02:56]}  c6 {[%clk 0:02:52]} 7. Qc2 {[%clk 0:02:54]}  Nbd7 {[%clk 0:02:51]} 8. Rd1 {[%clk 0:02:49]}  b6 {[%clk 0:02:50]} 9. b3 {[%clk 0:02:47]}  Bb7 {[%clk 0:02:50]} 10. Nc3 {[%clk 0:02:47]}  Re8 {[%clk 0:02:49]} 11. e4 {[%clk 0:02:40]}  dxe4 {[%clk 0:02:50]} 12. Nxe4 {[%clk 0:02:41]}  Qc7 {[%clk 0:02:50]} 13. Bf4 {[%clk 0:02:40]}  Qc8 {[%clk 0:02:43]} 14. Nd6 {[%clk 0:02:27]}  Bxd6 {[%clk 0:02:42]} 15. Bxd6 {[%clk 0:02:27]}  c5 {[%clk 0:02:39]} 16. Be5 {[%clk 0:02:01]}  Be4 {[%clk 0:02:33]} 17. Qc3 {[%clk 0:01:53]}  cxd4 {[%clk 0:02:16]} 18. Bxd4 {[%clk 0:01:51]}  Qc6 {[%clk 0:02:07]} 19. Bxf6 {[%clk 0:01:33]}  Nxf6 {[%clk 0:02:06]} 20. Ne5 {[%clk 0:01:32]}  Qb7 {[%clk 0:02:04]} 21. f3 {[%clk 0:01:28]}  Bc6 {[%clk 0:01:58]} 22. Nxc6 {[%clk 0:00:55]}  Qxc6 {[%clk 0:01:59]} 23. f4 {[%clk 0:00:56]}  Qc5+ {[%clk 0:01:59]} 24. Qd4 {[%clk 0:00:56]}  Rac8 {[%clk 0:01:49]} 25. Qxc5 {[%clk 0:00:54]}  Rxc5 {[%clk 0:01:50]} 26. Rd3 {[%clk 0:00:50]}  Kf8 {[%clk 0:01:47]} 27. Rad1 {[%clk 0:00:49]}  Ke7 {[%clk 0:01:47]} 28. Rd4 {[%clk 0:00:47]}  Rcc8 {[%clk 0:01:42]} 29. h3 {[%clk 0:00:41]}  Red8 {[%clk 0:01:42]} 30. Kf2 {[%clk 0:00:41]}  Rxd4 {[%clk 0:01:39]} 31. Rxd4 {[%clk 0:00:42]}  Rd8 {[%clk 0:01:37]} 32. Ke3 {[%clk 0:00:42]}  Rxd4 {[%clk 0:01:34]} 33. Kxd4 {[%clk 0:00:43]}  Kd6 {[%clk 0:01:35]} 34. b4 {[%clk 0:00:43]}  Nd7 {[%clk 0:01:34]} 35. a4 {[%clk 0:00:42]}  f6 {[%clk 0:01:34]} 36. a5 {[%clk 0:00:40]}  e5+ {[%clk 0:01:33]} 37. fxe5+ {[%clk 0:00:39]}  fxe5+ {[%clk 0:01:33]} 38. Kc3 {[%clk 0:00:39]}  Nf6 {[%clk 0:01:31]} 39. axb6 {[%clk 0:00:36]}  axb6 {[%clk 0:01:31]} 40. g4 {[%clk 0:00:35]}  h6 {[%clk 0:01:30]} 41. Kd3 {[%clk 0:00:30]}  Nh7 {[%clk 0:01:16]} 42. h4 {[%clk 0:00:24]}  Nf6 {[%clk 0:01:15]} 43. Bf3 {[%clk 0:00:21]}  e4+ {[%clk 0:01:13]} 44. Bxe4 {[%clk 0:00:21]}  Nxg4 {[%clk 0:01:13]} 45. Kd4 {[%clk 0:00:20]}  Nf6 {[%clk 0:01:09]} 46. c5+ {[%clk 0:00:20]}  bxc5+ {[%clk 0:01:09]} 47. bxc5+ {[%clk 0:00:21]}  Ke6 {[%clk 0:01:07]} 48. Bf3 {[%clk 0:00:21]}  Ne8 {[%clk 0:01:03]} 49. Kc4 {[%clk 0:00:20]}  Nf6 {[%clk 0:01:01]} 50. Kb5 {[%clk 0:00:20]}  Kd7 {[%clk 0:01:00]} 51. Kb6 {[%clk 0:00:19]}  Kd8 {[%clk 0:01:00]} 52. c6 {[%clk 0:00:18]}  Kc8 {[%clk 0:00:59]} 53. Bg2 {[%clk 0:00:17]}  Kd8 {[%clk 0:00:57]} 54. c7+ {[%clk 0:00:16]}  Ke7 {[%clk 0:00:47]} 55. c8=Q {[%clk 0:00:16]}  Nd7+ {[%clk 0:00:48]} 56. Kc7 {[%clk 0:00:15]}  Ne5 {[%clk 0:00:47]} 57. Qd8+ {[%clk 0:00:16]}  Kf7 {[%clk 0:00:46]} 58. Bd5+ {[%clk 0:00:16]}  Kg6 {[%clk 0:00:45]} 59. Qd6+ {[%clk 0:00:16]}  Kf5 {[%clk 0:00:46]} 60. Qe6+ {[%clk 0:00:16]}  Kf4 {[%clk 0:00:41]} 61. Qe7 {[%clk 0:00:14]} 1-0

[Event "April 9 Early 2024"]
[Site "Chess.com"]
[Date "2024.04.10"]
[Round "10"]
[White "Vila Dupla, Aurelio"]
[Black "Bynum, Jacorey"]
[Result "0-1"]
[Board "159"]
[WhiteFideId "2203383"]
[BlackFideId "39927644"]
[WhiteTitle "FM"]
[WhiteElo "2218"]
[BlackElo "2394"]
[WhiteTeam "ESP"]
[BlackTeam "USA"]
[WhiteClock "0:00:06"]
[BlackClock "0:01:35"]
[Variant "Standard"]

1. e4 {[%clk 0:03:00]}  c5 {[%clk 0:02:59]} 2. Nf3 {[%clk 0:02:59]}  e6 {[%clk 0:02:59]} 3. d4 {[%clk 0:02:59]}  cxd4 {[%clk 0:03:00]} 4. Nxd4 {[%clk 0:02:59]}  Nf6 {[%clk 0:03:01]} 5. Nc3 {[%clk 0:02:58]}  Nc6 {[%clk 0:03:02]} 6. g3 {[%clk 0:02:58]}  d5 {[%clk 0:02:59]} 7. exd5 {[%clk 0:02:54]}  exd5 {[%clk 0:02:59]} 8. Bg2 {[%clk 0:02:53]}  Bg4 {[%clk 0:02:59]} 9. Nxc6 {[%clk 0:02:09]}  bxc6 {[%clk 0:02:53]} 10. Qd3 {[%clk 0:02:07]}  Bc5 {[%clk 0:02:39]} 11. O-O {[%clk 0:02:07]}  O-O {[%clk 0:02:39]} 12. Bg5 {[%clk 0:02:03]}  h6 {[%clk 0:02:38]} 13. Bf4 {[%clk 0:01:55]}  Re8 {[%clk 0:02:32]} 14. h3 {[%clk 0:01:50]}  Bh5 {[%clk 0:02:29]} 15. Na4 {[%clk 0:01:41]}  Be2 {[%clk 0:02:24]} 16. Nxc5 {[%clk 0:01:33]}  Bxd3 {[%clk 0:02:23]} 17. Nxd3 {[%clk 0:01:34]}  Qb6 {[%clk 0:02:08]} 18. b4 {[%clk 0:01:32]}  a5 {[%clk 0:02:06]} 19. a3 {[%clk 0:01:23]}  Qb5 {[%clk 0:02:04]} 20. Bd6 {[%clk 0:01:04]}  Ne4 {[%clk 0:02:02]} 21. Bc7 {[%clk 0:00:55]}  axb4 {[%clk 0:01:54]} 22. axb4 {[%clk 0:00:55]}  Qc4 {[%clk 0:01:54]} 23. Rac1 {[%clk 0:00:45]}  Ra2 {[%clk 0:01:47]} 24. Ne5 {[%clk 0:00:06]}  Qc3 {[%clk 0:01:35]} 0-1

[Event "April 9 Early 2024"]
[Site "Chess.com"]
[Date "2024.04.09"]
[Round "10"]
[White "Ho, In Hei Henry"]
[Black "Misailovic, Nebojsa"]
[Result "0-1"]
[Board "167"]
[WhiteFideId "6002552"]
[BlackFideId "903175"]
[WhiteTitle "FM"]
[BlackTitle "IM"]
[WhiteElo "2173"]
[BlackElo "2459"]
[WhiteTeam "HKG"]
[BlackTeam "SRB"]
[WhiteClock "0:00:40"]
[BlackClock "0:00:41"]
[Variant "Standard"]

1. d4 {[%clk 0:03:00]}  d5 {[%clk 0:02:58]} 2. c4 {[%clk 0:03:01]}  c6 {[%clk 0:02:58]} 3. Nf3 {[%clk 0:03:01]}  Nf6 {[%clk 0:02:59]} 4. Nc3 {[%clk 0:03:02]}  dxc4 {[%clk 0:02:59]} 5. e3 {[%clk 0:03:01]}  Bg4 {[%clk 0:02:57]} 6. Bxc4 {[%clk 0:03:00]}  e6 {[%clk 0:02:57]} 7. h3 {[%clk 0:02:59]}  Bh5 {[%clk 0:02:57]} 8. O-O {[%clk 0:02:59]}  Nbd7 {[%clk 0:02:57]} 9. Be2 {[%clk 0:02:59]}  Qc7 {[%clk 0:02:55]} 10. b3 {[%clk 0:02:59]}  Bd6 {[%clk 0:02:54]} 11. Bb2 {[%clk 0:02:55]}  Rd8 {[%clk 0:02:54]} 12. Rc1 {[%clk 0:02:53]}  Qb8 {[%clk 0:02:54]} 13. Qc2 {[%clk 0:02:52]}  O-O {[%clk 0:02:50]} 14. Ne4 {[%clk 0:02:50]}  Nxe4 {[%clk 0:02:48]} 15. Qxe4 {[%clk 0:02:50]}  Nf6 {[%clk 0:02:48]} 16. Qh4 {[%clk 0:02:47]}  Be7 {[%clk 0:02:44]} 17. g4 {[%clk 0:02:42]}  Bg6 {[%clk 0:02:39]} 18. g5 {[%clk 0:02:39]}  Ne4 {[%clk 0:02:34]} 19. Kh1 {[%clk 0:01:59]}  h6 {[%clk 0:02:23]} 20. Qf4 {[%clk 0:01:52]}  Bd6 {[%clk 0:02:13]} 21. Ne5 {[%clk 0:01:48]}  hxg5 {[%clk 0:01:38]} 22. Qg4 {[%clk 0:01:47]}  Bf5 {[%clk 0:01:30]} 23. Qg2 {[%clk 0:01:43]}  Bxe5 {[%clk 0:01:29]} 24. dxe5 {[%clk 0:01:43]}  Rd2 {[%clk 0:01:30]} 25. Bf3 {[%clk 0:01:38]}  Rxb2 {[%clk 0:01:27]} 26. Bxe4 {[%clk 0:01:38]}  Qxe5 {[%clk 0:01:28]} 27. Bxf5 {[%clk 0:01:30]}  Qxf5 {[%clk 0:01:29]} 28. a4 {[%clk 0:01:23]}  Rd8 {[%clk 0:01:24]} 29. Rc4 {[%clk 0:01:21]}  Rdd2 {[%clk 0:01:19]} 30. Kg1 {[%clk 0:01:15]}  Rxb3 {[%clk 0:01:17]} 31. Rg4 {[%clk 0:01:10]}  Rb1 {[%clk 0:00:45]} 32. h4 {[%clk 0:00:40]}  Rxf1+ {[%clk 0:00:41]} 0-1